Nosferatu Phantom der Nacht = Νοσφεράτου : το φάντασμα της νύχτας
"Ο Κόμης Δράκουλας ταξιδεύει από τα όρη των Καρπαθίων για να μεταφέρει την αρρώστια και το θάνατο στους δρόμους του Αμβούργου, αλλά και να συναντήσει τον έρωτα στο πρόσωπο της πανέμορφης Λούσι". - Περίληψη από τη θήκη....
Αποθηκεύτηκε σε:
| Άλλοι συγγραφείς: | , , , , |
|---|---|
| Μορφή: | |
| Γλώσσα: | German Greek |
| Δημοσίευση: |
Αθήνα :
Prooptiki [Εταιρεία διανομής],
[1979]
|
| Σειρά: | Herzog collection
|
| Θέματα: | |
| Ετικέτες: |
Προσθήκη ετικέτας
Δεν υπάρχουν, Καταχωρήστε ετικέτα πρώτοι!
|
MARC
| LEADER | 00000cgm a2200000 i 4500 | ||
|---|---|---|---|
| 001 | 1/2465 | ||
| 008 | 091216s1979 gr ||| | || ||ger|| | ||
| 035 | |l 10106015 | ||
| 040 | |a GR-MuUa |b gre |e AACR2 | ||
| 041 | 1 | |a ger |j gre | |
| 082 | 7 | |a 791.437 |2 (22) | |
| 245 | 0 | 0 | |a Nosferatu |h [μαγνητοσκόπηση] : |b Phantom der Nacht = Νοσφεράτου : το φάντασμα της νύχτας / |c σενάριο-σκηνοθεσία Werner Herzog. |
| 246 | 1 | |i Παράλληλος τίτλος: |a Νοσφεράτου : |b το φάντασμα της νύχτας | |
| 260 | |a Αθήνα : |b Prooptiki [Εταιρεία διανομής], |c [1979] | ||
| 300 | |a 1 βιντεοδίσκος (103 λεπτ.) : |b ομίλ., έγχρ. ; |c 4 3/4 ίν. | ||
| 490 | 1 | |a (The Herzog collection) | |
| 500 | |a Κυκλοφόρησε πρώτη φορά ως κινηματογραφική ταινία το 1979. | ||
| 508 | |a Παραγωγή, Werner Herzog. | ||
| 511 | 0 | |a Klaus Kinski, Isabelle Adjani, Bruno Ganz, Roland Topor. | |
| 520 | 8 | |a "Ο Κόμης Δράκουλας ταξιδεύει από τα όρη των Καρπαθίων για να μεταφέρει την αρρώστια και το θάνατο στους δρόμους του Αμβούργου, αλλά και να συναντήσει τον έρωτα στο πρόσωπο της πανέμορφης Λούσι". - Περίληψη από τη θήκη. | |
| 521 | 8 | |a Ακατάλληλο για άτομα άνω των 13 ετών. | |
| 546 | |a Στα γερμανικά με υπότιτλους στα ελληνικά. | ||
| 600 | 1 | 0 | |a Dracula, |c Count (Fictitious character) |v Drama. |
| 655 | 7 | |a Feature films |2 lcgft | |
| 700 | 1 | |a Herzog, Werner, |d 1942- |e aus |e drt | |
| 700 | 1 | |a Kinski, Klaus, |e act | |
| 700 | 1 | |a Adjani, Isabelle, |d 1955- |e act | |
| 700 | 1 | |a Ganz, Bruno, |e act | |
| 700 | 1 | |a Topor, Roland, |d 1938-1997, |e act | |
| 830 | 0 | |a Herzog collection | |
| 852 | |a INST |b SYROS |c AV |e 20091216 |h 791.437 HER |p 005500007955 |q 005500007955 |t DVD |y 23 | ||
| 901 | |a BIBL5-2008-1 | ||
| 922 | |a 5ΕΛΗ |b 200709 |c Βιβλιοθήκη Σύρου |d Anaco | ||
| 970 | |a Κοντού |b Παρασκευή |z 16/12/2009 | ||